| 000 | 01322 a2200217 4500 | ||
|---|---|---|---|
| 003 | Nust | ||
| 005 | 20221028182510.0 | ||
| 010 | _a 76003947 | ||
| 020 | _a0827311664 | ||
| 040 | _cNust | ||
| 082 | 0 | 0 | _a621.31,ROL |
| 100 | 1 |
_aRollain, Philip J. _9101693 |
|
| 245 | 1 | 0 |
_aExploring electricity electronics with the electrical team / _cPhilip J. Rollain and Thomas E. Kraus. |
| 260 |
_aAlbany : _bDelmar Publishers, _cc1979. |
||
| 300 |
_aiv, 170 p. : _bill. ; _c27 cm. |
||
| 505 | _aWhy Study Electricity (Page-1), What is Electricity (Page-6), Conductors and Insulators (Page-11), The Electrical Team (Page-15), Meters (Page-19) Ohm’s Law (Page-24), Six Methods of Producing Electricity (Page-29), Electricity from Chemicals (Page-36), Magnetism (Page-43), Magnetism and Electricity (Page-48), Electromagnetism (Page-51), Introduction to Circuits (Page-57), Series Circuits (Page-64), Parallel Circuits (Page-70), Electrical Power (Page-76), D.C. Motors and Generators (Page-84), Alternating Current (Page-91), Transformers (Page-95), What is Electronics (Page-102), Resistance and Resistors (Page-109), Capacitance and Inductors (Page-116), Communications Caveman to Spaceman (Page-137). | ||
| 650 | 0 | _aElectrical engineering | |
| 650 | 0 | _aElectronics | |
| 700 | 1 |
_aKraus, Thomas E., _9101694 |
|
| 942 |
_2ddc _cBK |
||
| 999 |
_c180541 _d180541 |
||